Bands/Artists Referred to by Initials - Statistics

General Stats
  • This quiz has been taken 30 times
  • The average score is 4 of 15
Answer Stats
Hint Answer % Correct
NIN Nine Inch Nails
82%
ELO Electric Light Orchestra
79%
CCR Creedence Clearwater Revival
75%
REM Rapid Eye Movement
39%
AC/DC Alternating Current-Direct Current
25%
INXS In Excess
21%
TLC Tender, Loving Care | Tionne, Lisa, Crystal
21%
DMB Dave Matthews Band
18%
ODB Ol’ Dirty Bastard
14%
MGMT The Management
4%
ABBA Agnetha, Björn, Benny-Frid, and Anni-Frid
0%
DMX Dark Man X | Divine Master of the Unknown
0%
DMC Darryl McDaniels | Devastating Mic Controller
0%
LCD Soundsystem Liquid Christmas Display
0%
REO Speedwagon Ransom Eli Olds
0%
No matching quizzes found
Score Distribution
Percent of People with Each Score
Percentile by Number Answered
Your Score History
You have not taken this quiz